Prowincje Angoli - Statystyki

Ogólne statystyki
  • Ten quiz został rozwiązany 20 razy
  • Średni wynik to 4 z 18
Odpowiedzi na mapie
Odpowiedzi zakodowano w zielono-czerwonej skali na mapie do tego quizu, zgodnie z poniższymi procentami.
 
Statystyki odpowiedzi
Prowincja % Poprawnych
Luanda
100%
Kabinda
57%
Benguela
29%
Namibe
29%
Zair
29%
Bengo
14%
Bié
14%
Cuando-Cubango
14%
Cunene
14%
Huambo
14%
Huíla
14%
Kwanza Północna
14%
Kwanza Południowa
14%
Lunda Północna
14%
Lunda Południowa
14%
Malanje
14%
Moxico
14%
Uíge
14%
Nie znaleziono quizów pasujących do podanych kryteriów
Rozkład punktacji
Procent ludzi z każdym wynikiem
Percentyl według liczby udzielonych odpowiedzi
Twoja historia wyników
Nie rozwiązałeś tego quizu